Countries starting with B - Statistics

General Stats
  • This quiz has been taken 42 times
  • The average score is 12 of 17
Answer Stats
Answer % Correct
Barbados
83%
Bahrain
80%
Belarus
80%
Belgium
80%
Bhutan
80%
Bolivia
80%
Bahamas
78%
Belize
78%
Brazil
78%
Brunei
78%
Bosnia And Herzegovina
76%
Botswana
76%
Bangladesh
73%
Burundi
71%
Benin
66%
Burkina Faso
59%
Bulgeria
15%
No matching quizzes found
Score Distribution
Percent of People with Each Score
Percentile by Number Answered
Your Score History
You have not taken this quiz